00649nam a2200157 a 450000100100000000500170001000800410002704000250006810000270009324501420012026000410026230000230030370000430032695201050036999900170047400003334120200930070205.0110824s19-- 000 0 spa d aDO-SdBNPbspacBNPHU1 aCruz, Hector J.94595713aLa participación dominicana en Juegos Centro Americanos, Panamericanos y Olimpicos /cCruz Hector J. ; prólogo Rogelio Lamarche Soto. a[Santo Domingo] :b[s. n.],c[19--]. a[283 p.] ;c21 cm.1 aLamarche Soto, Rogelioepról.938540 001050718MOaPDbPDcCTd2011-08-24iLF1l0o p33341-10r2020-06-25w2020-06-25y1ZNo se presta c32832d32832